[Event "25th Abu Dhabi Master 2018"]
[Site "Abu Dhabi"]
[Date "2018.08.07"]
[Round "1"]
[White "Moayed, Obied"]
[Black "Mammadzada, Gunay Vuqar Qizi"]
[Result "0-1"]
[WhiteElo "2146"]
[BlackElo "2426"]
[Annotator "TA"]
[PlyCount "49"]
[EventDate "2018.08.05"]
[EventType "swiss"]
[EventCountry "UAE"]
[SourceTitle "playchess.com"]
[Source "ChessBase"]
[SourceQuality "1"]

{[%evp 21,49,0,-7,-112,-96,-152,-145,-148,-83,-58,-66,-61,-57,-54,-45,-54,-47,-110,-133,-255,-262,-393,-428,-428,-429,-428,-428,-555,-553,-773]} 1. d4 d5 2. c4 e6 3. Nf3 c6 4. Qc2 dxc4 5. Qxc4 Nf6 6. g3 b5 7. Qc2 Bb7 8. Bg2 Nbd7 9. O-O c5 10. Nc3 Qb6 {D30: Queen's Gambit Declined: Systems without Nc3} (10... a6 11. Bg5 Rc8 12. Rad1 Qb6 13. Qd2 Be7 14. Ne5 Bxg2 15. Nxd7 Nxd7 16. Kxg2 cxd4 17. Bxe7 Kxe7 18. Qxd4 Qxd4 19. Rxd4 {½-½ (55) Mamedov,R (2688)-Ghaem Maghami,E (2574) Doha 2016}) 11. dxc5 Bxc5 {LiveBook: 8 Games} 12. a4 (12. Qd3 $11) 12... b4 $17 {Black is better.} 13. a5 {[#]} (13. Nd1 $142) 13... Qc7 $1 14. Bf4 $146 ({Predecessor:} 14. a6 Bxf3 15. Bxf3 Rb8 {0-1 (15) Mohamed,H (2201)-Saeed,I (2219) Al Ain 2008}) 14... Qc8 ({Black should play} 14... e5 15. Nxe5 Bxg2 16. Nxd7 Qxd7 17. Kxg2 bxc3 18. Qxc3 Rc8 19. Qe5+ Be7) 15. a6 Bxf3 $1 ({Much weaker is} 15... Bxa6 16. Ne5 $11) 16. Bxf3 {Black must now prevent Bb7.} bxc3 17. Qxc3 O-O {Hoping for ...Nd5.} 18. Bb7 Qd8 {Strongly threatening ...Nd5.} 19. Rfd1 ({White should try} 19. Be3 $15 Bxe3 20. Qxe3) 19... Qb6 20. Qf3 (20. Bxa8 $17 Rxa8 21. Be3) 20... Rad8 21. Rd2 {[#]} (21. b4 $142 Bd4 22. Rab1) 21... Ne5 $1 $19 {[%mdl 512]} 22. Bxe5 {Black is clearly winning.} Rxd2 23. Bxf6 gxf6 24. Qg4+ Kh8 25. Be4 0-1

[Event "25th Abu Dhabi Master 2018"]
[Site "Abu Dhabi"]
[Date "2018.08.07"]
[Round "1"]
[White "Sarvesh Kumar, A."]
[Black "Ikeda, Junta"]
[Result "0-1"]
[WhiteElo "2145"]
[BlackElo "2419"]
[Annotator "NA"]
[PlyCount "108"]
[EventDate "2018.08.05"]
[EventType "swiss"]
[EventCountry "UAE"]
[SourceTitle "playchess.com"]
[Source "ChessBase"]
[SourceQuality "1"]
[TimeControl "5400+30"]

1. e4 {[%emt 0:00:00]} c5 {[%emt 0:00:00]} 2. Nf3 {[%emt 0:00:00]} e6 {[%emt 0:00:00]} 3. d4 {[%emt 0:00:00]} cxd4 {[%emt 0:00:00]} 4. Nxd4 {[%emt 0:00:00]} a6 {[%emt 0:00:00]} 5. Bd3 {[%emt 0:00:10]} Bc5 {[%emt 0:01:37]} 6. Nb3 {[%emt 0:00:08]} Be7 {[%emt 0:00:05]} 7. Qg4 {[%emt 0:00:17]} g6 {[%emt 0:00:06]} 8. Qe2 {[%emt 0:00:07]} d6 {[%emt 0:00:05]} 9. O-O {[%emt 0:00:20]} Nd7 {[%emt 0:00:11]} 10. f4 {[%emt 0:00:29]} Qc7 {[%emt 0:00:27]} 11. Nc3 {[%emt 0:01:10]} Ngf6 {[%emt 0:00:21]} 12. Be3 {[%emt 0:00:13]} b5 {[%emt 0:04:02]} 13. a3 {[%emt 0:08:52]} Bb7 {[%emt 0:01:04]} 14. Rad1 {[%emt 0:01:44]} O-O {[%emt 0:10:00]} 15. h3 {[%emt 0:07:21]} Rfe8 {[%emt 0:07:13]} 16. Qf2 {[%emt 0:06:22]} Rac8 {[%emt 0:03:26]} 17. g4 {[%emt 0:05:57]} Qb8 {[%emt 0:12:04]} 18. g5 {[%emt 0:24:39]} Nh5 {[%emt 0:00:52]} 19. Be2 {[%emt 0:00:08]} Ng7 {[%emt 0:03:31]} 20. Bf3 {[%emt 0:04:04]} Rf8 {[%emt 0:15:31]} 21. h4 {[%emt 0:11:56]} f6 {[%emt 0:05:36]} 22. Qh2 {[%emt 0:04:38]} Qa8 {[%emt 0:08:49]} 23. Na5 {[%emt 0:00:46]} Rxc3 {[%emt 0:00:49]} 24. bxc3 {[%emt 0:01:55]} Bxe4 {[%emt 0:00:07]} 25. Qg2 {[%emt 0:00:30]} Bxf3 {[%emt 0:01:18]} 26. Qxf3 {[%emt 0:00:31]} d5 {[%emt 0:02:00]} 27. Qe2 {[%emt 0:03:25]} Qc8 {[%emt 0:09:27]} 28. Bd4 {[%emt 0:04:36]} Nc5 {[%emt 0:01:04]} 29. Nb3 {[%emt 0:03:06]} Ne4 {[%emt 0:00:28]} 30. Rd3 {[%emt 0:01:29]} Nh5 {[%emt 0:07:06]} 31. Qg4 {[%emt 0:00:35]} Bd6 {[%emt 0:01:45]} 32. Be3 {[%emt 0:09:36]} f5 {[%emt 0:00:48]} 33. Qf3 {[%emt 0:00:36]} Nxc3 {[%emt 0:00:18]} 34. Bc1 {[%emt 0:00:42]} Ne4 {[%emt 0:00:17]} 35. Qg2 {[%emt 0:00:07]} Qc7 {[%emt 0:01:18]} 36. Nd4 {[%emt 0:00:37]} Kf7 {[%emt 0:00:33]} 37. Qh2 {[%emt 0:00:45]} Rc8 {[%emt 0:00:36]} 38. Kh1 {[%emt 0:00:28]} Qc4 {[%emt 0:02:24]} 39. Rff3 {[%emt 0:00:36]} Bc5 {[%emt 0:00:46]} 40. c3 {[%emt 0:00:29]} Bxd4 {[%emt 0:00:47]} 41. Rxd4 {[%emt 0:00:02]} Qxd4 {[%emt 0:00:43]} 42. cxd4 {[%emt 0:00:39]} Rxc1+ {[%emt 0:00:06]} 43. Kg2 {[%emt 0:00:24]} Rc2+ {[%emt 0:00:05]} 44. Kg1 {[%emt 0:00:03]} Rxh2 {[%emt 0:00:04]} 45. Kxh2 {[%emt 0:00:02]} Ke7 {[%emt 0:01:35]} 46. a4 {[%emt 0:01:03]} Kd6 {[%emt 0:01:39]} 47. axb5 {[%emt 0:00:30]} axb5 {[%emt 0:00:06]} 48. Ra3 {[%emt 0:00:04]} Kc6 {[%emt 0:00:25]} 49. Ra7 {[%emt 0:00:50]} b4 {[%emt 0:00:21]} 50. Rxh7 {[%emt 0:00:06]} b3 {[%emt 0:00:58]} 51. Rh8 {[%emt 0:00:05]} Kb5 {[%emt 0:01:11]} 52. Kg2 {[%emt 0:01:59]} Kc4 {[%emt 0:00:09]} 53. Kf3 {[%emt 0:00:08]} b2 {[%emt 0:00:24]} 54. Rb8 {[%emt 0:00:03]} b1=Q {[%emt 0:00:13]} 0-1

[Event "25th Abu Dhabi Master 2018"]
[Site "Abu Dhabi"]
[Date "2018.08.07"]
[Round "1"]
[White "Jeet, Jain"]
[Black "Jonkman, Harmen"]
[Result "1-0"]
[WhiteElo "2136"]
[BlackElo "2404"]
[Annotator "NA"]
[PlyCount "83"]
[EventDate "2018.08.05"]
[EventType "swiss"]
[EventCountry "UAE"]
[SourceTitle "playchess.com"]
[Source "ChessBase"]
[SourceQuality "1"]
[TimeControl "5400+30"]

1. e4 e5 2. Nf3 Nc6 3. Bc4 Bc5 4. c3 Nf6 5. d3 d6 6. Bb3 a6 7. Nbd2 Ba7 8. O-O Ne7 9. Re1 Ng6 10. Nf1 h6 11. Ng3 O-O 12. d4 Bg4 13. Nf5 exd4 14. cxd4 Re8 15. h3 Bxf5 16. exf5 Rxe1+ 17. Qxe1 Ne7 18. g4 Qd7 19. Qf1 Ned5 20. Qd3 c6 21. Bd2 Re8 22. Rd1 Bb6 23. Re1 Nc7 24. Rxe8+ Qxe8 25. Bf4 Qe4 26. Qxe4 Nxe4 27. Bc2 d5 28. Bxc7 Bxc7 29. Bxe4 dxe4 30. Nd2 Bb6 31. Nxe4 Bxd4 32. b3 Kf8 33. Kf1 Ke7 34. Ke2 b6 35. f4 Kd7 36. g5 h5 37. h4 g6 38. Ng3 c5 39. fxg6 fxg6 40. f5 gxf5 41. Nxf5 Be5 42. Kf3 1-0

[Event "25th Abu Dhabi Master 2018"]
[Site "Abu Dhabi"]
[Date "2018.08.07"]
[Round "1"]
[White "Srihari, LR."]
[Black "Dimakiling, Oliver"]
[Result "0-1"]
[WhiteElo "2135"]
[BlackElo "2401"]
[Annotator "NA"]
[PlyCount "70"]
[EventDate "2018.08.05"]
[EventType "swiss"]
[EventCountry "UAE"]
[SourceTitle "playchess.com"]
[Source "ChessBase"]
[SourceQuality "1"]
[TimeControl "5400+30"]

1. d4 {[%emt 0:00:00]} Nf6 {[%emt 0:00:00]} 2. Bg5 {[%emt 0:00:53]} Ne4 {[%emt 0:00:05]} 3. Bf4 {[%emt 0:00:19]} d5 {[%emt 0:00:18]} 4. e3 {[%emt 0:00:46]} c5 {[%emt 0:01:29]} 5. Bd3 {[%emt 0:01:08]} Nc6 {[%emt 0:03:42]} 6. Bxe4 {[%emt 0:01:25]} dxe4 {[%emt 0:00:11]} 7. d5 {[%emt 0:00:32]} e5 {[%emt 0:01:33]} 8. Bg3 {[%emt 0:05:26]} Ne7 {[%emt 0:00:08]} 9. Nc3 {[%emt 0:01:18]} Ng6 {[%emt 0:05:30]} 10. h4 {[%emt 0:08:23]} h5 {[%emt 0:00:16]} 11. Nxe4 {[%emt 0:21:34]} Qb6 {[%emt 0:00:53]} 12. Ne2 {[%emt 0:12:03]} Bf5 {[%emt 0:02:52]} 13. N4c3 {[%emt 0:01:26]} O-O-O {[%emt 0:00:22]} 14. e4 {[%emt 0:02:54]} Bd7 {[%emt 0:03:21]} 15. b3 {[%emt 0:02:14]} f5 {[%emt 0:05:28]} 16. f3 {[%emt 0:00:48]} Bd6 {[%emt 0:04:36]} 17. Qd2 {[%emt 0:02:12]} Rdf8 {[%emt 0:02:15]} 18. Bf2 {[%emt 0:02:05]} Kb8 {[%emt 0:01:25]} 19. O-O-O {[%emt 0:06:50]} Qa6 {[%emt 0:02:14]} 20. Qd3 {[%emt 0:03:22]} b5 {[%emt 0:00:27]} 21. exf5 {[%emt 0:04:11]} c4 {[%emt 0:02:50]} 22. Qe3 {[%emt 0:00:57]} Rxf5 {[%emt 0:03:51]} 23. Ng3 {[%emt 0:01:43]} cxb3 {[%emt 0:01:59]} 24. axb3 {[%emt 0:04:42]} Rc8 {[%emt 0:15:14]} 25. Nxf5 {[%emt 0:08:04]} Bxf5 {[%emt 0:00:07]} 26. g4 {[%emt 0:06:05]} hxg4 {[%emt 0:00:10]} 27. fxg4 {[%emt 0:00:06]} Bd7 {[%emt 0:00:26]} 28. Kd2 {[%emt 0:01:47]} Bb4 {[%emt 0:01:15]} 29. Ra1 {[%emt 0:00:28]} Qb6 {[%emt 0:00:06]} 30. Qxb6+ {[%emt 0:00:46]} axb6 {[%emt 0:00:06]} 31. Rh3 {[%emt 0:00:32]} Nf4 {[%emt 0:00:07]} 32. Rg3 {[%emt 0:00:28]} Nxd5 {[%emt 0:00:09]} 33. Re1 {[%emt 0:00:32]} Nxc3 {[%emt 0:00:17]} 34. Kc1 {[%emt 0:00:24]} Rf8 {[%emt 0:02:19]} 35. Bg1 {[%emt 0:00:35]} Na2+ {[%emt 0:00:56]} 0-1

[Event "25th Abu Dhabi Master 2018"]
[Site "Abu Dhabi"]
[Date "2018.08.07"]
[Round "1"]
[White "Mohamed, Faisal"]
[Black "Arjun, Kalyan"]
[Result "0-1"]
[WhiteElo "2134"]
[BlackElo "2390"]
[Annotator "NA"]
[PlyCount "76"]
[EventDate "2018.08.05"]
[EventType "swiss"]
[EventCountry "UAE"]
[SourceTitle "playchess.com"]
[Source "ChessBase"]
[SourceQuality "1"]
[TimeControl "5400+30"]

1. e4 e5 2. Nf3 Nc6 3. Bb5 a6 4. Ba4 Nf6 5. O-O Be7 6. Re1 b5 7. Bb3 d6 8. c3 O-O 9. d3 Na5 10. Bc2 c5 11. Nbd2 Nc6 12. Nf1 Re8 13. a4 Be6 14. Ne3 h6 15. h3 Rc8 16. axb5 axb5 17. d4 cxd4 18. cxd4 exd4 19. Nxd4 Nxd4 20. Qxd4 d5 21. exd5 Bc5 22. Qd3 Bxd5 23. Bb3 Bxb3 24. Qxb3 Qb6 25. Bd2 Ne4 26. Bb4 Bd4 27. Rad1 Rcd8 28. Rd3 Qg6 29. Red1 Qf6 30. Rf1 Qg5 31. f4 Qg6 32. Rf3 Bb6 33. Rxd8 Rxd8 34. Kh2 Qc6 35. Nf5 Qc1 36. Ne3 h5 37. Be7 Nd2 38. Qc3 Nxf3+ 0-1

[Event "25th Abu Dhabi Master 2018"]
[Site "Abu Dhabi"]
[Date "2018.08.07"]
[Round "1"]
[White "Bartakke, Amardeep S"]
[Black "Rakesh, Kumar Jena"]
[Result "1/2-1/2"]
[WhiteElo "2133"]
[BlackElo "2385"]
[Annotator "NA"]
[PlyCount "144"]
[EventDate "2018.08.05"]
[EventType "swiss"]
[EventCountry "UAE"]
[SourceTitle "playchess.com"]
[Source "ChessBase"]
[SourceQuality "1"]
[TimeControl "5400+30"]

1. e4 {[%emt 0:02:07]} d6 {[%emt 0:00:00]} 2. d4 {[%emt 0:00:21]} Nf6 {[%emt 0:00:00]} 3. Nc3 {[%emt 0:00:06]} g6 {[%emt 0:00:00]} 4. f4 {[%emt 0:00:08]} Bg7 {[%emt 0:00:00]} 5. Nf3 {[%emt 0:00:03]} O-O {[%emt 0:00:04]} 6. e5 {[%emt 0:00:10]} dxe5 {[%emt 0:01:29]} 7. fxe5 {[%emt 0:00:05]} Nd5 {[%emt 0:00:11]} 8. Bc4 {[%emt 0:01:30]} Be6 {[%emt 0:07:59]} 9. Bb3 {[%emt 0:03:18]} c5 {[%emt 0:01:45]} 10. Ne2 {[%emt 0:19:30]} Bg4 {[%emt 0:08:44]} 11. O-O {[%emt 0:04:09]} Nc6 {[%emt 0:05:01]} 12. c3 {[%emt 0:08:16]} cxd4 {[%emt 0:04:56]} 13. cxd4 {[%emt 0:00:21]} Na5 {[%emt 0:02:12]} 14. h3 {[%emt 0:05:30]} Nxb3 {[%emt 0:12:12]} 15. Qxb3 {[%emt 0:03:01]} Be6 {[%emt 0:13:33]} 16. Qxb7 {[%emt 0:02:55]} h6 {[%emt 0:01:45]} 17. Nc3 {[%emt 0:01:48]} a5 {[%emt 0:01:11]} 18. Qb5 {[%emt 0:05:10]} Rc8 {[%emt 0:01:47]} 19. Nxd5 {[%emt 0:03:44]} Bxd5 {[%emt 0:00:26]} 20. Rd1 {[%emt 0:13:36]} Bc4 {[%emt 0:11:49]} 21. Qb7 {[%emt 0:01:16]} Bd5 {[%emt 0:01:06]} 22. Qb5 {[%emt 0:00:05]} Rc4 {[%emt 0:04:47]} 23. Bd2 {[%emt 0:03:03]} Qa8 {[%emt 0:04:46]} 24. Rf1 {[%emt 0:05:02]} Rb8 {[%emt 0:03:33]} 25. Qxa5 {[%emt 0:01:20]} Qxa5 {[%emt 0:01:37]} 26. Bxa5 {[%emt 0:00:05]} Rxb2 {[%emt 0:00:05]} 27. Rf2 {[%emt 0:03:55]} Rxf2 {[%emt 0:00:24]} 28. Kxf2 {[%emt 0:00:03]} Bxf3 {[%emt 0:00:07]} 29. Kxf3 {[%emt 0:03:53]} Rxd4 {[%emt 0:00:08]} 30. Re1 {[%emt 0:00:31]} Ra4 {[%emt 0:00:24]} 31. Bd8 {[%emt 0:00:21]} Kf8 {[%emt 0:00:15]} 32. Re2 {[%emt 0:01:48]} Ke8 {[%emt 0:00:27]} 33. Bb6 {[%emt 0:02:54]} Kd7 {[%emt 0:04:03]} 34. e6+ {[%emt 0:00:57]} fxe6 {[%emt 0:00:13]} 35. Bc5 {[%emt 0:00:18]} e5 {[%emt 0:00:14]} 36. a3 {[%emt 0:00:13]} Rf4+ {[%emt 0:00:56]} 37. Ke3 {[%emt 0:00:28]} Rc4 {[%emt 0:00:01]} 38. Rd2+ {[%emt 0:01:27]} Ke6 {[%emt 0:00:06]} 39. Bb4 {[%emt 0:00:29]} Bf6 {[%emt 0:00:02]} 40. Ra2 {[%emt 0:01:24]} e4 {[%emt 0:00:28]} 41. Be1 {[%emt 0:00:11]} Bg5+ {[%emt 0:01:31]} 42. Ke2 {[%emt 0:00:05]} Ra4 {[%emt 0:00:12]} 43. Bb4 {[%emt 0:00:22]} Bf4 {[%emt 0:00:06]} 44. Rc2 {[%emt 0:01:43]} Bd6 {[%emt 0:00:08]} 45. Ke3 {[%emt 0:00:47]} Bxb4 {[%emt 0:00:23]} 46. axb4 {[%emt 0:00:50]} Rxb4 {[%emt 0:00:02]} 47. Rc6+ {[%emt 0:00:10]} Kf5 {[%emt 0:00:16]} 48. g4+ {[%emt 0:02:47]} Ke5 {[%emt 0:00:14]} 49. Rxg6 {[%emt 0:00:39]} Rb3+ {[%emt 0:00:05]} 50. Ke2 {[%emt 0:00:03]} Rxh3 {[%emt 0:00:08]} 51. g5 {[%emt 0:00:22]} hxg5 {[%emt 0:02:41]} 52. Rxg5+ {[%emt 0:00:03]} Kf4 {[%emt 0:00:01]} 53. Rg2 {[%emt 0:01:37]} e3 {[%emt 0:00:22]} 54. Rg7 {[%emt 0:00:08]} Rh2+ {[%emt 0:00:14]} 55. Ke1 {[%emt 0:00:04]} e5 {[%emt 0:00:04]} 56. Rf7+ {[%emt 0:00:20]} Ke4 {[%emt 0:00:02]} 57. Rf8 {[%emt 0:00:01]} Rb2 {[%emt 0:03:32]} 58. Rd8 {[%emt 0:00:14]} Rc2 {[%emt 0:04:12]} 59. Rf8 {[%emt 0:00:07]} Rc4 {[%emt 0:03:57]} 60. Ke2 {[%emt 0:00:04]} Rb4 {[%emt 0:00:09]} 61. Rh8 {[%emt 0:00:22]} Rb2+ {[%emt 0:00:13]} 62. Ke1 {[%emt 0:00:03]} e2 {[%emt 0:01:42]} 63. Rh3 {[%emt 0:00:43]} Kd4 {[%emt 0:00:12]} 64. Rg3 {[%emt 0:00:27]} Rc2 {[%emt 0:01:26]} 65. Rh3 {[%emt 0:00:09]} Rc3 {[%emt 0:00:56]} 66. Rxc3 {[%emt 0:00:42]} Kxc3 {[%emt 0:00:04]} 67. Kxe2 {[%emt 0:00:06]} Kd4 {[%emt 0:00:04]} 68. Kd2 {[%emt 0:00:02]} e4 {[%emt 0:00:07]} 69. Ke2 {[%emt 0:00:11]} e3 {[%emt 0:00:04]} 70. Ke1 {[%emt 0:00:09]} Kd3 {[%emt 0:00:04]} 71. Kd1 {[%emt 0:00:12]} e2+ {[%emt 0:00:05]} 72. Ke1 {[%emt 0:00:02]} Ke3 {[%emt 0:00:05]} 1/2-1/2

[Event "25th Abu Dhabi Master 2018"]
[Site "Abu Dhabi"]
[Date "2018.08.07"]
[Round "1"]
[White "Song, Yuxin"]
[Black "Anand, Nadar"]
[Result "1/2-1/2"]
[WhiteElo "2126"]
[BlackElo "2377"]
[Annotator "NA"]
[PlyCount "162"]
[EventDate "2018.08.05"]
[EventType "swiss"]
[EventCountry "UAE"]
[SourceTitle "playchess.com"]
[Source "ChessBase"]
[SourceQuality "1"]
[TimeControl "5400+30"]

1. e4 e5 2. Nf3 Nc6 3. Bb5 a6 4. Ba4 Nf6 5. O-O Be7 6. Re1 b5 7. Bb3 O-O 8. h3 d6 9. c3 Nb8 10. d4 Nbd7 11. Nbd2 Bb7 12. Bc2 Re8 13. Nf1 Bf8 14. Ng3 g6 15. Bg5 h6 16. Bd2 exd4 17. cxd4 c5 18. b3 cxd4 19. Nxd4 Nc5 20. Qb1 Bg7 21. Bc3 d5 22. Rd1 Qc7 23. Qb2 Nfxe4 24. Nxe4 dxe4 25. Nxb5 Bxc3 26. Nxc3 Rad8 27. Rxd8 Qxd8 28. Nd1 e3 29. fxe3 Qd2 30. e4 Bxe4 31. Bxe4 Qe1+ 32. Kh2 Nxe4 33. Rc1 Qg3+ 34. Kg1 Qe1+ 35. Kh2 Rd8 36. Qe5 Qd2 37. Nc3 Nxc3 38. Rxc3 Qxa2 39. Qf6 Rb8 40. Rf3 Rf8 41. Rg3 Qc2 42. Qxa6 Qc7 43. Qc4 Qe5 44. Qc3 Qb8 45. Kh1 Rc8 46. Qe3 h5 47. Rf3 Rc2 48. Qf4 Qb7 49. Qd4 Qc7 50. Rd3 Kh7 51. Rd2 Rc5 52. Rd1 Rf5 53. Qc4 Qb7 54. Rd2 Qe7 55. Qe2 Re5 56. Qf2 Re1+ 57. Kh2 Qe5+ 58. g3 Qe6 59. b4 h4 60. gxh4 Qe5+ 61. Kg2 Qe4+ 62. Kg3 Re3+ 63. Kh2 Rf3 64. Qd4 Qe1 65. Rg2 Qe6 66. Qg4 Qd6+ 67. Kh1 Rf4 68. Qg3 Rf1+ 69. Kh2 Qd1 70. Rg1 Qd2+ 71. Rg2 Qd5 72. h5 Qxh5 73. Rf2 Rxf2+ 74. Qxf2 Qe5+ 75. Kg2 f5 76. Qd2 Qe4+ 77. Kg3 Qe5+ 78. Kf3 Kg7 79. Qf4 Qd5+ 80. Kf2 Kf6 81. h4 Qa2+ 1/2-1/2

[Event "25th Abu Dhabi Master 2018"]
[Site "Abu Dhabi"]
[Date "2018.08.07"]
[Round "1"]
[White "Ali, Nehad"]
[Black "Soumya, Swaminathan"]
[Result "0-1"]
[WhiteElo "2113"]
[BlackElo "2361"]
[Annotator "NA"]
[PlyCount "105"]
[EventDate "2018.08.05"]
[EventType "swiss"]
[EventCountry "UAE"]
[SourceTitle "playchess.com"]
[Source "ChessBase"]
[SourceQuality "1"]
[TimeControl "5400+30"]

1. c4 c5 2. Nc3 Nc6 3. g3 g6 4. Bg2 Bg7 5. e3 Nf6 6. Nge2 d6 7. O-O h5 8. d4 Bd7 9. h3 a6 10. f4 cxd4 11. exd4 Rb8 12. d5 Na5 13. Qd3 Bf5 14. Qd4 Kf8 15. b3 h4 16. Qf2 hxg3 17. Qxg3 Qc8 18. Be3 Bxh3 19. Bb6 Bxg2 20. Kxg2 Nc6 21. Rh1 Rxh1 22. Rxh1 Ra8 23. Qf3 Nb8 24. Ng3 Qg4 25. Na4 Nbd7 26. Re1 Re8 27. Bd4 b5 28. Nb6 Qxf3+ 29. Kxf3 Nxb6 30. Bxb6 bxc4 31. bxc4 Rc8 32. f5 Rxc4 33. fxg6 fxg6 34. Bd8 Nxd5 35. Ne4 Be5 36. Ng5 Ke8 37. Ba5 Rf4+ 38. Ke2 Ra4 39. Bd2 Rxa2 40. Ne4 Nc3+ 41. Kd3 Nxe4 42. Rxe4 a5 43. Bc1 a4 44. Rb4 Kf7 45. Rb7 Ra1 46. Kc2 a3 47. Ra7 a2 48. Bd2 Bf6 49. Kd3 Rd1 50. Rxa2 Bg5 51. Ke2 Rxd2+ 52. Rxd2 Bxd2 53. Kd3 0-1

[Event "25th Abu Dhabi Master 2018"]
[Site "Abu Dhabi"]
[Date "2018.08.07"]
[Round "1"]
[White "Mayank, Pal"]
[Black "Kulkarni, Chinmay"]
[Result "0-1"]
[WhiteElo "2100"]
[BlackElo "2355"]
[Annotator "NA"]
[PlyCount "90"]
[EventDate "2018.08.05"]
[EventType "swiss"]
[EventCountry "UAE"]
[SourceTitle "playchess.com"]
[Source "ChessBase"]
[SourceQuality "1"]
[TimeControl "5400+30"]

1. Nf3 {[%emt 0:00:00]} c5 {[%emt 0:00:00]} 2. c4 {[%emt 0:00:00]} Nf6 {[%emt 0:00:00]} 3. b3 {[%emt 0:00:00]} g6 {[%emt 0:00:09]} 4. Bb2 {[%emt 0:00:14]} Bg7 {[%emt 0:00:07]} 5. g3 {[%emt 0:00:43]} Nc6 {[%emt 0:00:12]} 6. Bg2 {[%emt 0:01:07]} d6 {[%emt 0:00:26]} 7. d4 {[%emt 0:02:23]} cxd4 {[%emt 0:01:12]} 8. Nxd4 {[%emt 0:00:21]} Bd7 {[%emt 0:00:25]} 9. O-O {[%emt 0:00:26]} O-O {[%emt 0:00:12]} 10. Nc3 {[%emt 0:02:21]} Qa5 {[%emt 0:02:58]} 11. Nd5 {[%emt 0:12:31]} Nxd5 {[%emt 0:02:37]} 12. Nxc6 {[%emt 0:01:02]} Bxc6 {[%emt 0:05:04]} 13. Bxg7 {[%emt 0:00:47]} Ne3 {[%emt 0:04:53]} 14. fxe3 {[%emt 0:00:32]} Kxg7 {[%emt 0:00:07]} 15. Bxc6 {[%emt 0:02:46]} bxc6 {[%emt 0:00:07]} 16. Qd4+ {[%emt 0:04:32]} Kg8 {[%emt 0:00:07]} 17. e4 {[%emt 0:13:13]} Rad8 {[%emt 0:04:26]} 18. Rf3 {[%emt 0:05:22]} d5 {[%emt 0:07:03]} 19. cxd5 {[%emt 0:10:59]} cxd5 {[%emt 0:00:31]} 20. e5 {[%emt 0:00:37]} e6 {[%emt 0:00:10]} 21. a4 {[%emt 0:02:55]} Rb8 {[%emt 0:03:20]} 22. Raf1 {[%emt 0:05:23]} Rb4 {[%emt 0:01:54]} 23. Qc3 {[%emt 0:02:12]} Qb6+ {[%emt 0:01:47]} 24. Kh1 {[%emt 0:00:45]} Qb8 {[%emt 0:02:34]} 25. Qe3 {[%emt 0:05:54]} Re4 {[%emt 0:02:03]} 26. Qf2 {[%emt 0:01:22]} Qc7 {[%emt 0:04:05]} 27. Rf6 {[%emt 0:00:24]} Qe7 {[%emt 0:03:13]} 28. e3 {[%emt 0:07:17]} Rxe5 {[%emt 0:00:54]} 29. Rf4 {[%emt 0:00:59]} Qb7 {[%emt 0:02:02]} 30. Kg1 {[%emt 0:00:26]} Rf5 {[%emt 0:03:07]} 31. Rxf5 {[%emt 0:00:05]} exf5 {[%emt 0:00:06]} 32. Qc2 {[%emt 0:01:19]} Re8 {[%emt 0:02:58]} 33. Qd3 {[%emt 0:00:30]} Qb6 {[%emt 0:00:37]} 34. Kf2 {[%emt 0:00:32]} Qc5 {[%emt 0:01:10]} 35. Rd1 {[%emt 0:00:40]} Re4 {[%emt 0:03:24]} 36. Rd2 {[%emt 0:00:32]} f4 {[%emt 0:01:29]} 37. gxf4 {[%emt 0:01:59]} Rxf4+ {[%emt 0:00:08]} 38. Ke2 {[%emt 0:00:06]} Re4 {[%emt 0:03:01]} 39. Kf3 {[%emt 0:01:24]} h5 {[%emt 0:06:18]} 40. Rc2 {[%emt 0:00:33]} Qe7 {[%emt 0:01:08]} 41. Qxd5 {[%emt 0:06:13]} Rxe3+ {[%emt 0:00:19]} 42. Kg2 {[%emt 0:00:44]} Qh4 {[%emt 0:04:06]} 43. Qc4 {[%emt 0:03:16]} Qh3+ {[%emt 0:00:42]} 44. Kg1 {[%emt 0:00:14]} Re1+ {[%emt 0:01:17]} 45. Kf2 {[%emt 0:00:04]} Qe3+ {[%emt 0:00:08]} 0-1

[Event "25th Abu Dhabi Master 2018"]
[Site "Abu Dhabi"]
[Date "2018.08.07"]
[Round "1"]
[White "Panda, Sambit"]
[Black "Omar, Noaman"]
[Result "0-1"]
[WhiteElo "2043"]
[BlackElo "2353"]
[Annotator "NA"]
[PlyCount "90"]
[EventDate "2018.08.05"]
[EventType "swiss"]
[EventCountry "UAE"]
[SourceTitle "playchess.com"]
[Source "ChessBase"]
[SourceQuality "1"]
[TimeControl "5400+30"]

1. d4 d5 2. Bf4 Nf6 3. e3 c5 4. Nf3 Nc6 5. Nbd2 Qb6 6. dxc5 Qxb2 7. Rb1 Qc3 8. Bb5 e6 9. O-O Be7 10. Nb3 O-O 11. Qd3 Qb4 12. Bxc6 bxc6 13. Ne5 Qa4 14. Qd4 Qa6 15. Qd3 Qa4 16. Qd4 Qa6 17. Qd3 Ne4 18. f3 Nxc5 19. Qxa6 Nxa6 20. Nxc6 Ba3 21. Nbd4 f6 22. Nb5 Bc5 23. Bd6 Bxe3+ 24. Kh1 Re8 25. Rfe1 Bb6 26. Ba3 Bd7 27. Nbd4 e5 28. Ne7+ Rxe7 29. Bxe7 Bxd4 30. Rb3 Rc8 31. Ra3 Bb5 32. Rb1 Be2 33. h4 Bb6 34. c3 Kf7 35. Re1 Bb5 36. Rb1 Bc4 37. Bb4 Nxb4 38. Rxb4 Ke6 39. Raa4 Kf5 40. g3 g5 41. hxg5 fxg5 42. Kg2 g4 43. fxg4+ Kxg4 44. Rb5 e4 45. Rb1 Rf8 0-1